| 000 | 00753nam a2200313Ia 4500 | ||
|---|---|---|---|
| 008 | 210210b1998 xxu||||| |||| 00| 0 eng d | ||
| 020 | _a9780198082231 | ||
| 041 | _aeng | ||
| 082 | _a338.954 AHLI | ||
| 100 | _aAHLUWALIA (Isher Judge) | ||
| 245 |
_aIndias economic reforms and development Ed 2 _bEssays for Manmohan Singh |
||
| 250 | _a | ||
| 260 |
_aNew Delhi _bOxfor University Press _c1998 |
||
| 300 | _aviii, 459 | ||
| 650 | _aSingh | ||
| 650 | _areforms | ||
| 650 | _aManmohan | ||
| 650 | _aIndias | ||
| 650 | _afor | ||
| 650 | _aessays | ||
| 650 | _aEd | ||
| 650 | _aeconomic | ||
| 650 | _adevelopment: | ||
| 650 | _aand | ||
| 650 | _a2 | ||
| 690 | _aIndian Economics | ||
| 700 | _aLITTLE (I M D) Ed | ||
| 906 | _a068027 | ||
| 999 |
_c152137 _d152137 |
||